Rozpoznaj film po kadrze #10 - Statystyki

Ogólne statystyki
  • Ten quiz został rozwiązany 42 razy
  • Średni wynik to 6 z 20
Statystyki odpowiedzi
Obrazkowy Odpowiedź % Poprawnych
Epoka lodowcowa
86%
Harry Potter i Insygnia Śmierci: Część II
72%
Lista Schindlera
61%
Oppenheimer
58%
Bogowie
53%
Whiplash
53%
Mechaniczna pomarańcza
39%
Helikopter w ogniu
31%
Blade Runner 2049
22%
2001: Odyseja kosmiczna
19%
Metropolis
17%
Nóż w wodzie
17%
Fargo
11%
Przed wschodem słońca
11%
Spragnieni miłości
8%
W imię ojca
8%
Był sobie pies
6%
Mulholland Drive
3%
9 kompania
0%
Sól ziemi
0%
Nie znaleziono quizów pasujących do podanych kryteriów
Rozkład punktacji
Procent ludzi z każdym wynikiem
Percentyl według liczby udzielonych odpowiedzi
Twoja historia wyników
Nie rozwiązałeś tego quizu